Les chansons de Nekfeu - Mort subite - Statistiques

Statistiques générales
  • Ce quiz a été pris 884 fois
  • Le résultat moyen est 6 sur 9
Answers on the Grid
Answers color-coded by a green-red scale on the quiz's grid according to % correct below.
On verra
On verra bien
Elle pleut
1er rôle
2nd rôle
Il pleut
Dans l'univers
Égérie
Galatée
Princesse
Risibles amours
Au cœur du G
Motel
Au coeur du H
Galilée
Trop beau
17%
Jamais
Néons rouges
Future Ex
 
Statistiques - réponses
Réponse % Correct
Égérie
71%
Galatée
70%
On verra
70%
Princesse
70%
Dans l'univers
68%
Elle pleut
67%
Risibles amours
66%
1er rôle
51%
Au cœur du G
50%
Aucun quiz correspondant
Distribution des résultats
% des personnes avec chaque résultat
Percentile par nombre de réponses
Votre historique - résultats
Vous n’avez pas pris ce quiz